000 00825nam a2200229 a 4500
001 BRCA_158
005 20190320202914.0
008 020620s2002 sp-a---##b---#001-0#spa-#
020 _a8496008037
040 _aDLC
_cDLC
050 4 _aN6576
_b.P35 2002
245 1 0 _aEl país del Quetzal
_bGuatemala maya e hispana.
260 _a[Madrid]
_bSociedad Estatal para la Acción Cultural Exterior
_c[2002]
300 _a519 p.
_bil. (algunas a color)
_c29 cm.
500 _aCatálogo de la exposición realizada en el Centro Cultural de la Villa de Madrid, 17 mayo-21 junio.
500 _aIncluye índice analítico
504 _aBibliografía: p. 493-505
650 1 4 _aArte guatemalteco
_vExposiciones
_9610
650 1 4 _aArte maya
_vExposiciones
_9611
650 1 4 _aArte colonial
_vExposiciones
_zGuatemala
_9612
942 _2lcc
_cB
999 _c137
_d137